000 00302nam a2200121Ia 4500
005 20251222152555.0
008 251222s9999||||xx |||||||||||||| ||spa||
020 _a8489167575
082 _a301.2/M61
245 0 _aAnimación Sociocultural
264 _bMinisterio de Educación y ciencia
942 _cLIB
999 _c26396
_d26396